Catálogo
 En Linea

Primeras Vanguardias Artísticas : Textos y Documentos. (Registro nro. 40444)

Detalles MARC
000 -CABECERA
campo de control de longitud fija 00295nam a2200109 a 4500
005 - FECHA Y HORA DE LA ÚLTIMA TRANSACCIÓN
campo de control 20201002034514.0
008 - DATOS DE LONGITUD FIJA--INFORMACIÓN GENERAL
campo de control de longitud fija 130911s1999 000 spa d
020 ## - NÚMERO INTERNACIONAL ESTÁNDAR DEL LIBRO
Número Internacional Estándar del Libro 8487265936
040 ## - FUENTE DE LA CATALOGACIÓN
Centro catalogador/agencia de origen DO-SdBNP
245 #0 - MENCIÓN DE TÍTULO
Título Primeras Vanguardias Artísticas : Textos y Documentos.
260 ## - PUBLICACIÓN, DISTRIBUCIÓN, ETC.
Lugar de publicación, distribución, etc. Barcelona,
Fecha de publicación, distribución, etc. 1999.

No hay ítems disponibles.

Con tecnología Koha